Central Library OPAC University of Rajshahi

Reconstruction in Mississippi / (Record no. 27353)

MARC details
000 -LEADER
fixed length control field 00992cam a22003011 4500
001 - CONTROL NUMBER
control field 27353
003 - CONTROL NUMBER IDENTIFIER
rucl marc code BD-RjUL
005 - DATE AND TIME OF LATEST TRANSACTION
control field 20211209051138.0
008 - FIXED-LENGTH DATA ELEMENTS--GENERAL INFORMATION
fixed length control field 140325s1968 lau b 001 0 eng d
035 ## - SYSTEM CONTROL NUMBER
System control number (BD-RjUL)27426
040 ## - CATALOGING SOURCE
Original cataloging agency DLC
Transcribing agency DLC
Modifying agency DLC
-- BD-RjUL
Language of cataloging eng
041 ## - LANGUAGE CODE
Language code of text/sound track or separate title eng
082 00 - DEWEY DECIMAL CLASSIFICATION NUMBER
Classification number 976.206
Author mark and year GAR 1968
100 1# - MAIN ENTRY--PERSONAL NAME
Personal name Garner, James Wilford,
Dates associated with a name 1871-1938.
9 (RLIN) 84017
245 10 - TITLE STATEMENT
Title Reconstruction in Mississippi /
Statement of responsibility, etc. James Wilford Garner.
260 ## - PUBLICATION, DISTRIBUTION, ETC. (IMPRINT)
Place of publication, distribution, etc. Baton Rouge :
Name of publisher, distributor, etc. Louisiana State University Press,
Date of publication, distribution, etc. 1968.
300 ## - PHYSICAL DESCRIPTION
Pagination xiii, 422 p. ;
Size 22 cm.
350 ## - PRICE (NR) (BK AM CF MU VM SE) [OBSOLETE]
Price 3.95
490 0# - SERIES STATEMENT
Series statement Louisiana paperbacks,
Volume/sequential designation L-37
500 ## - GENERAL NOTE
General note Reprint of the 1901 ed., with a new introd. by R. N. Current.
504 ## - BIBLIOGRAPHY, ETC. NOTE
Bibliography, etc Bibliographical footnotes.
Bibliography, etc Includes Index
650 #0 - SUBJECT ADDED ENTRY--TOPICAL TERM
Topical term or geographic name as entry element Reconstruction (U.S. history, 1865-1877)
Geographic subdivision Mississippi.
9 (RLIN) 83940
651 #0 - SUBJECT ADDED ENTRY--GEOGRAPHIC NAME
Geographic name Mississippi
General subdivision History
Chronological subdivision Civil War, 1861-1865.
9 (RLIN) 84018
942 ## - ADDED ENTRY ELEMENTS (KOHA)
Source of classification or shelving scheme Dewey Decimal Classification
Koha item type Books
Holdings
Lost status Source of classification or shelving scheme Damaged status Not for loan Collection code Permanent Location Current Location Shelving location Date acquired Source of acquisition Total Checkouts Full call number Date last seen Copy number Koha item type
  Dewey Decimal Classification   Added to bundle Non-fiction Central Library, University of Rajshahi Central Library, University of Rajshahi Reading Room 05/09/1985 Asia Fundation Gift   976.206 GAR 1968 25/03/2014 C-1 Books